The Significance of the Nuclear Industry for the Economy of Russian Federation diplomová práca

Na minha lista:
Detalhes bibliográficos
Autor principal: Cazacu, Vitalia
Autor Corporativo: Fakulta medzinárodných vzťahov EU. Katedra medzinárodných ekonomických vzťahov a hospodárskej diplomacie
Outros Autores: Dančo, Ján, 1996-
Formato: Livro
Idioma:inglês
Publicado em: Bratislava 2025
Tags: Adicionar Tag
Sem tags, seja o primeiro a adicionar uma tag!

MARC

LEADER 00000nbm a2200000 4500
001 0309570
005 20260326124259.8
041 0 |a eng 
044 |a SK 
245 1 0 |a The Significance of the Nuclear Industry for the Economy of Russian Federation  |b diplomová práca  |c Vitalia Cazacu ; školiteľ: Ján Dančo 
264 1 |a Bratislava  |c 2025 
300 |a 77 s. 
100 1 |a Cazacu, Vitalia 
700 1 |a Dančo, Ján, 1996- 
710 2 |a Fakulta medzinárodných vzťahov EU. Katedra medzinárodných ekonomických vzťahov a hospodárskej diplomacie